000 00538nam a2200181Ia 4500
003 GCL
008 140319s9999 xx 000 0 ara d
040 _aGCL /
_cGCL
082 0 4 _a813.085
_bا س
100 1 _aامين يوسف غراب
245 1 0 _aالساعة تدق العاشرة /
_cامين يوسف غراب
260 _a[S.N] :
_bدار الشعب للطباعة والنشر ،
_c1986
300 _a256 ص
490 _a
650 0 4 _aالادب العربى
650 0 4 _aالقصص العاطفية
942 _2ddc
_cBK
999 _c53344
_d53344